MARC

LEADER 00000nas a2200000 a 4500
001 ssj0020466
003 WaSeSS
005 20200512172242.0
006 m d
007 cr n
008 020930c20029999aluqr pss f0 a0eng c
010 |a  2002256094 
016 7 |a 2115863-0  |2 DE-600 
016 7 |a 024946389  |2 DE-101 
016 7 |a 024946389$2DE-101 
022 |a 1554-2505  |l 1554-2505  |y 1555-385X 
035 |a (WaSeSS)ssj0020466 
040 |a RBN  |b eng  |c RBN  |d MYG  |d OCLCQ  |d GPO  |d OCLCQ  |d NSD  |d UQ1  |d LGG  |d OCLCQ  |d HEBIS  |d DEBBG  |d SERSO  |d OCLCQ  |d OCLCA  |d OCLCF  |d OCLCO  |d COO  |d DLC  |d OCLCO  |d OCLCQ  |d GPO  |d DEBSZ  |d GPO  |d OCLCA  |d UUM  |d ZQP  |d WaSeSS 
042 |a pcc  |a nsdp 
043 |a n-us--- 
050 1 4 |a UG633  |b .A69 
074 |a 0422-A (online) 
082 1 0 |a 358  |2 13 
086 0 |a D 301.26/24: 
130 0 |a Air & space power journal (Online) 
222 0 |a Air & space power journal  |b (Online) 
245 1 0 |a Air & space power journal  |h [electronic resource]. 
246 1 |a Air and space power journal 
260 |a Maxwell AFB, Ala. :  |b AU Press,  |c 2002- 
310 |a Quarterly,  |b 2016- 
321 |a Bimonthly,  |b 2012-2015 
321 |a Quarterly,  |b 2002-2011 
362 0 |a Vol. 16, no. 3 (fall 2002)- 
490 1 |3 2002-2011:  |a AFRP ;  |v 10-1 
500 |a Title from caption (viewed Sept. 27, 2002). 
506 |a License restrictions may limit access. 
538 |a Mode of access: Internet at the Air Power Institute web site. Previously available as of 04/03/2003: http://www.airpower.maxwell.af.mil/airchronicles/apje.html (current issue); http://www.airpower.maxwell.af.mil/airchronicles/back.htm (archived issues). 
550 |a Issued by the U.S. Air Force. 
580 |a Also issued in French, Portuguese, Spanish, and Arabic editions. 
588 |a Latest issue consulted: Vol. 31, issue 4 (winter 2017). 
610 1 0 |a United States.  |b Air Force  |v Periodicals. 
610 1 7 |a United States.  |b Air Force.  |2 fast  |0 (OCoLC)fst00538280 
610 2 7 |a Etats-Unis.  |b Air Force.  |2 rasuqam 
650 0 |a Aeronautics, Military  |z United States  |v Periodicals. 
650 0 |a Air warfare  |v Periodicals. 
650 0 |a Air power  |z United States  |v Periodicals. 
650 0 |a Aeronautics, Military  |v Periodicals. 
650 7 |a Aeronautics, Military.  |2 fast  |0 (OCoLC)fst00798542 
650 7 |a Air power.  |2 fast  |0 (OCoLC)fst00802495 
650 7 |a Air warfare.  |2 fast  |0 (OCoLC)fst00802704 
650 7 |a Aviation militaire.  |2 rasuqam 
650 7 |a Guerre aérienne.  |2 rasuqam 
650 7 |a Force aérienne.  |2 rasuqam 
651 7 |a United States.  |2 fast  |0 (OCoLC)fst01204155 
651 7 |a États-Unis.  |2 rasuqam 
655 0 |a Electronic journals. 
710 1 |a United States.  |b Air Force. 
775 1 |t Air & space power journal (Online). Portuguese  |x 1555-3817  |w (DLC) 2002256096  |w (OCoLC)50698052 
775 1 |t Air & space power journal (Online). Spanish  |x 1555-3841  |w (DLC) 2002256095  |w (OCoLC)50697953 
775 1 |t Air & space power journal (Online). French  |x 1931-7298  |w (DLC) 2006213008  |w (OCoLC)68099793 
775 1 |t Air & space power journal (Online). Arabic  |x 1931-7476  |w (DLC) 2006213010  |w (OCoLC)68104556 
776 0 8 |i Print version:  |t Air & space power journal  |x 1555-385X  |w (DLC) 2002207178  |w (OCoLC)50625917 
780 0 0 |t Aerospace power journal (Online)  |w (DLC) 2001230969  |w (OCoLC)44432584 
830 0 |a Air Force recurring publication ;  |v 10-1. 
856 4 0 |z Full text available from Research Library: Fall 2002 to present  |u https://search.proquest.com/publication/26498